| Tag |
First Indicator |
Second Indicator |
Subfields |
| LEADER |
00000cam a2200000 a 4500 |
| 001 |
in00000085596 |
| 005 |
20151008061545.0 |
| 008 |
780411s1973 dcu 00010 eng d |
| 035 |
|
|
|a (OCoLC)03793490
|
| 035 |
|
|
|9 AAJ8318AM
|
| 040 |
|
|
|a ISE
|c ISE
|d m.c.
|d TXA
|d UtOrBLW
|
| 049 |
|
|
|a TXAM
|c [1655483]
|
| 090 |
|
|
|a Z6293
|b .F4
|
| 100 |
1 |
|
|a Feingold, S. Norman,
|d 1914-
|
| 245 |
1 |
2 |
|a A guide to indexes as a resource for occupations and careers /
|c by S. Norman Feingold and Fae E. Hoffman.
|
| 264 |
|
1 |
|a Washington, D.C. :
|b B'nai B'rith Career and Vocational Services,
|c 1973.
|
| 300 |
|
|
|a 13 pages ;
|c 28 cm.
|
| 336 |
|
|
|a text
|b txt
|2 rdacontent
|
| 337 |
|
|
|a unmediated
|b n
|2 rdamedia
|
| 338 |
|
|
|a volume
|b nc
|2 rdacarrier
|
| 490 |
1 |
|
|a Counselor's Information Service. Special supplement ;
|v v. 28, no. 1
|
| 500 |
|
|
|a Cover title.
|
| 504 |
|
|
|a Bibliography: page 13.
|
| 650 |
|
0 |
|a Vocational guidance
|x Indexes.
|
| 650 |
|
0 |
|a Occupations
|x Indexes.
|
| 700 |
1 |
|
|a Hoffman, Fae E.
|
| 830 |
|
0 |
|a Counselor's Information Service.
|p Special supplement ;
|v v. 28, no. 1.
|
| 999 |
|
|
|a MARS
|
| 999 |
f |
f |
|s 99388b3c-9eb6-3605-b20b-a05944d078d8
|i 4594bb76-6b7c-3702-b385-2aedc44b72e0
|t 0
|
| 952 |
f |
f |
|p ric
|a Texas A&M University
|b Rellis Campus
|c Joint Library Facility
|d Remote Storage
|t 0
|e Z6293 .F4
|h Library of Congress classification
|i unmediated -- volume
|m A14806265794
|
| 998 |
f |
f |
|a Z6293 .F4
|t 0
|l Remote Storage
|